skbl

Dr Suryya Kumar Bhuyan Library Web-OPAC
ডঃ সূৰ্য্য
কুমাৰ ভূঞা পুথিভঁৰাল ৱেব-অ'পেক

All Research Scholars are advised to clear the annual library fees to continue using Library Resources, Remote Access, Plagiarism Test and Library Clearance.

Cotton University Book Fair 2026

Nirmali, kabitar sorai / (Record no. 3395)

MARC details
000 -LEADER
fixed length control field 00520nam a2200181Ia 4500
001 - CONTROL NUMBER
control field 3407
008 - FIXED-LENGTH DATA ELEMENTS--GENERAL INFORMATION
fixed length control field 180120s1951 ii a g b000 u asm u
082 ## - DEWEY DECIMAL CLASSIFICATION NUMBER
Classification number 891.411
100 ## - MAIN ENTRY--PERSONAL NAME
Personal name Bhuyan, Suryya Kumar .
245 #0 - TITLE STATEMENT
Title Nirmali, kabitar sorai /
Statement of responsibility, etc. Suryya Kumar Bhuyan.
Medium Textual Documents
250 ## - EDITION STATEMENT
Edition statement 2nd ed. /
260 ## - PUBLICATION, DISTRIBUTION, ETC.
Place of publication, distribution, etc. Gauhati :
Name of publisher, distributor, etc. Prajyotish Granthamala ,
Date of publication, distribution, etc. 1951.
300 ## - PHYSICAL DESCRIPTION
Extent 170p. :
Other physical details ill ;
Dimensions 16 cm. .
653 ## - INDEX TERM--UNCONTROLLED
Uncontrolled term Poetry - Assamese language
653 ## - INDEX TERM--UNCONTROLLED
Uncontrolled term Assamese poetry
653 ## - INDEX TERM--UNCONTROLLED
Uncontrolled term G-Assamese
942 ## - ADDED ENTRY ELEMENTS (KOHA)
Source of classification or shelving scheme Dewey Decimal Classification
Koha item type Books
Holdings
Withdrawn status Lost status Damaged status Not for loan Collection Home library Current library Shelving location Date acquired Coded location qualifier Total checkouts Full call number Barcode Date last seen Copy number Price effective from Koha item type
      Not for loan   Dr. Suryya Kumar Bhuyan Library Dr. Suryya Kumar Bhuyan Library   01/02/2012 00000   891.411 Bh 469 Ni 22/Gift 13/01/2024 1 01/02/2012 Books

Designed and Maintained by Team SKBL
©1901-2026

Powered by Koha